000 00303nam a22001217a 4500
005 20200620110627.0
008 200620b xxu||||| |||| 00| 0 eng d
245 _aJHARKHAND LAW JOURNAL REPORTS , 2019 [3]
260 _aPATNA
_bPLJR PUBLICATION
300 _a680;p
650 _aLAW
_95701
942 _cJRL
999 _c7361
_d7359